| 000 | 00000nam 2200000zi 4500 |
| 001 | 9.941119 |
| 003 | CaOODSP |
| 005 | 20240726103041 |
| 006 | m o d f |
| 007 | cr mn||||||||| |
| 008 | 240726s1984 onc o f000 0 fre d |
| 040 | |aCaOODSP|bfre|erda|cCaOODSP |
| 043 | |an-cn--- |
| 086 | 1 |aC23-279/1984F-PDF |
| 245 | 02|aL'aide à l'exportation offerte par le MEIR. |
| 264 | 1|a[Ottawa] : |bGouvernement du Canada, Expansion industrielle régionale = Government of Canada, Regional Industrial Expansion, |c[1984] |
| 300 | |a1 ressource en ligne (8 pages) |
| 336 | |atexte|btxt|2rdacontent/fre |
| 337 | |ainformatique|bc|2rdamedia/fre |
| 338 | |aressource en ligne|bcr|2rdacarrier/fre |
| 500 | |aÉdition numérisée de l'imprimé [par Innovation, sciences et développement économique Canada]. |
| 500 | |aPublié aussi en anglais sous le titre : Export trade assistance from DRIE. |
| 650 | 6|aMarchés d'exportation|zCanada. |
| 650 | 6|aCommerce international|xPromotion|zCanada. |
| 651 | 6|aCanada|xCommerce. |
| 710 | 1 |aCanada. |bMinistère de l'expansion industrielle régionale, |eorganisme de publication. |
| 775 | 08|tExport trade assistance from DRIE.|w(CaOODSP)9.899378 |
| 856 | 40|qPDF|s574 Ko|uhttps://publications.gc.ca/collections/collection_2024/isde-ised/c23/C23-279-1984-fra.pdf |